5HLuxD.jpg

KING HENRY VIII SENIOR AND PRIMARY SCHOOL LIBRARY OPAC

More Shakespeare stories / (Record no. 3357)

000 -LEADER
fixed length control field 00827nam a22002177a 4500
005 - DATE AND TIME OF LATEST TRANSACTION
control field 20231120112129.0
008 - FIXED-LENGTH DATA ELEMENTS--GENERAL INFORMATION
fixed length control field 231120b ||||| |||| 00| 0 eng d
020 ## - INTERNATIONAL STANDARD BOOK NUMBER
International Standard Book Number 9781408333846
040 ## - CATALOGING SOURCE
Transcribing agency KH8
082 ## - DEWEY DECIMAL CLASSIFICATION NUMBER
Classification number 823.92 MAT
100 ## - MAIN ENTRY--PERSONAL NAME
Personal name Matthews, Andrew
Dates associated with a name 1948-
Relator term Author
245 ## - TITLE STATEMENT
Title More Shakespeare stories /
Statement of responsibility, etc. Andrew Matthews
260 ## - PUBLICATION, DISTRIBUTION, ETC.
Place of publication, distribution, etc. London,
Name of publisher, distributor, etc. Orchard,
Date of publication, distribution, etc. 2014
300 ## - PHYSICAL DESCRIPTION
Extent 1 volume :
Other physical details illustrations (black and white) ;
Dimensions 20 cm
520 ## - SUMMARY, ETC.
Summary, etc. This series offers an excellent introduction to Shakespeare for younger readers. The tales have been retold using accessible language and each of the eight plays is vividly brought to life for a whole new audience
650 ## - SUBJECT ADDED ENTRY--TOPICAL TERM
Topical term or geographic name entry element Adaptations
650 ## - SUBJECT ADDED ENTRY--TOPICAL TERM
Topical term or geographic name entry element Children's stories
Form subdivision English
650 ## - SUBJECT ADDED ENTRY--TOPICAL TERM
Topical term or geographic name entry element General
700 ## - ADDED ENTRY--PERSONAL NAME
Personal name Tony Ross
Relator term Illustrator
942 ## - ADDED ENTRY ELEMENTS (KOHA)
Source of classification or shelving scheme
Koha item type Books - Fiction
Holdings
Withdrawn status Lost status Source of classification or shelving scheme Damaged status Not for loan Collection code Permanent Location Current Location Shelving location Date acquired Full call number Barcode Date last seen Price effective from Koha item type
          Fiction KH8 Primary School Library KH8 Primary School Library Non Fiction 2023-11-20 823.92 MAT KHPL000004354 2025-12-05 2023-11-20 Books - Fiction

Powered By KH8 IT Dept